| 000 | 00000nam##2200000za#4500 |
| 001 | 9.600977 |
| 003 | CaOODSP |
| 005 | 20220901164721 |
| 007 | cr ||||||||||| |
| 008 | 150406|1994||||xxc|||||o f|0| 0 fre|d |
| 040 | |aCaOODSP|bfre |
| 043 | |an-cn--- |
| 086 | 1 |aJ3-8/1994-13F-PDF |
| 110 | 1 |aCanada.|bJustice Canada. |bAucun équivalent français. |
| 245 | 10|aLes membres de gang incarcérés en Colombie-Britannique : |h[ressource électronique]|bétude préliminaire / |c[par] Robert M. Gordon. |
| 260 | |aOttawa - Ontario : |bJustice Canada. |c1994. |
| 300 | |a27p. |
| 490 | 1 |aDocument de travail|vWD1994-13f |
| 504 | |aBibliographie. |
| 590 | |a11-08-Supp|b2011-06-16 |
| 720 | 1 |aGordon, Robert M. |
| 775 | 08|tIncarcerated gang members in British Columbia : |w(CaOODSP)9.570229 |
| 830 | #0|aDocument de travail ;|vWD1994-13f|w(CaOODSP)9.502069 |
| 856 | 40|ahttp://publications.gc.ca|qPDF|s92 KB|uhttps://publications.gc.ca/collections/collection_2011/jus/J3-8-1994-13-fra.pdf|yWD1994-13f |